书目信息 |
| 书名: | environment 02/03 | |
| 作者: | John L.Allen. | |
| 分册号: | ||
| 分册名: | 出版地: | Berkeley : |
|
| 出版社: | Berkeley | |
| 出版时间: | 2002. | |
| 页数: | 225 p. ; | |
| 开本: | 28cm. | |
| 丛书名: | ||
| 中图分类号: | ||
| 科图分类号: | ||
| 其他分类号: | X-4 | |
| 主题词: | ||
| 电子资源: | ||
| 000 | 00439nam 2200169 a 4500 | |
| 001 | E0733538830 | |
| 005 | 20070315092904.39 | |
| 008 | 070315s2002 00010 eng | |
| 020 | @a0-07-250682-2. | |
| 040 | @aPFT@beng | |
| 090 | @aX-4 | |
| 099 | @dX-4@e1=21 | |
| 245 | 1 | @aenvironment 02/03 :@bannual editions / @cJohn L.Allen. |
| 250 | @a21th ed. | |
| 260 | @aBerkeley :@bBerkeley,@c2002. | |
| 300 | @a225 p. ;@c28cm. | |
| 700 | @aAllen,John L. | |
| environment 02/03 : : annual editions / / John L.Allen.-21th ed.-Berkeley : : Berkeley, , 2002. |
| 225 p. ; ; 28cm. |
| ISBN 0-07-250682-2. |
| ● |
| 相关链接 |
|
|
|
|
正题名:environment 02/03
索取号:X-4/1=21
 
预约/预借
| 序号 | 登录号 | 条形码 | 馆藏地/架位号 | 状态 | 备注 |
| 1 | 0001789 | 300017899 | 第二样本阅览室/ [索取号:X-4/1=21] | 在馆 | |
| 2 | 0001790 | 300017906 | 第四借阅区/ [索取号:X-4/1=21] | 在馆 |